000 00518nam a2200193Ia 4500
005 20250326124105.0
008 250326s9999 xx 000 0 und d
037 _aTextbook
040 _aFMSL
_beng
_cFMSL
041 _aeng
_2eng
084 _aX:5.1 L1
_qFMSL
100 _aSnider D A
_9736749
245 0 _aIntroducation to international economics
_cSnider D A
250 _a5
260 _aUSA
_bUSA, Richard D Irwin
_c1971
300 _a469p
942 _cTB
_hX:5.1 L1
999 _c1272238
_d1272238